000 00707cam a22002531 4500
001 12040
003 BD-RjUL
005 20211208235226.0
008 140128s1965 maua b 001 0 eng
035 _a(BD-RjUL)12089
040 _aDLC
_cDLC
_dICU
_dDLC
_beng
041 _aeng
082 0 0 _a574.90946
_bSOL 1965
100 1 _aSouthward, Alan J.
_937321
245 1 0 _aLife on the sea-shore /
_cA. J. Southward.
260 _aCambridge :
_bHarvard University Press,
_c1965.
300 _aix, 153 p.
_billus.
_c19 cm.
500 _aErratum slip mounted on p. 120.
504 _aIncludes index
650 0 _aSeashore biology.
_937322
942 _2ddc
_cBK
999 _c12040
_d12040